Statistics for Dragon Ball Z characters

Click here to take the quiz!

General Stats

  • This quiz has been taken 211 times
  • The average score is 28 of 54

Answer Stats

Answer% Correct
Goku
99%
Vegeta
98%
Gohan
93%
Goten
88%
Trunks
86%
Cell
85%
Krillin
85%
Bulma
84%
Frieza
84%
Yamcha
83%
Piccolo
80%
Tien
78%
Chi-Chi
77%
Buu
76%
Nappa
67%
Raditz
67%
Videl
65%
Roshi
63%
Vegito
59%
Gotenks
57%
Kami
57%
Gogeta
55%
Pan
54%
18
53%
17
52%
Bardock
52%
Dende
52%
Mr.Satan
51%
16
50%
Zarbon
49%
Burter
47%
Jeice
47%
King Kai
46%
Cooler
45%
Guldo
45%
Beerus
44%
Captain Ginyu
44%
Nail
43%
Whis
43%
King Cold
40%
King Vegeta
39%
Supreme Kai
37%
Bulla
33%
Dabura
33%
Uub
28%
Turles
26%
Bibidi
19%
Recome
19%
Pikkon
13%
Baby
11%
Kabito
7%
Dodorio
4%
Jaco
4%
Giru
1%

Score Distribution

Percentile by Number Answered

Percent of People with Each Score

Your Score History

You have not taken this quiz